000 00469nam a2200181Ia 4500
003 OSt
005 20240119154808.0
008 210210b1907 xxu||||| |||| 00| 0 eng d
040 _cAL
041 _aeng
082 _a821/144
100 _aCHAUCER (G)
_9148435
245 _aPrologue the knights tale the nonnes prestes tale: Liddell
260 _aLondon
_bMacmillan & Co. Ltd.
_c1907
690 _aEnglish Literature
_9148436
906 _a011313
942 _2ddc
_cBK
999 _c129988
_d129988